Economía regional, empleo y migraciones
Uloženo v:
| Hlavní autor: | |
|---|---|
| Korporace: | , |
| Médium: | Kniha |
| Jazyk: | španělština |
| Vydáno: |
Santiago
CIEPLAN
1979
|
| Edice: | Notas Técnicas, 17
|
| Témata: | |
| Tagy: |
Přidat tag
Žádné tagy, Buďte první, kdo vytvoří štítek k tomuto záznamu!
|
MARC
| LEADER | 00000nam a2200000 a 4500 | ||
|---|---|---|---|
| 001 | UCR7792 | ||
| 003 | CL-VaPUC | ||
| 008 | 980519e19790900CL |||||||||||||||||spa|d | ||
| 082 | 0 | 4 | |a 331 |b RAC |2 21 |
| 100 | 0 | |a Raczynski, Dagmar |e author |9 409230 | |
| 110 | 2 | |a CIEPLAN |e author |9 409231 | |
| 710 | 2 | |a Corporación de Investigaciones Económicas para Latinoamérica |e author |9 409232 | |
| 245 | 1 | 0 | |a Economía regional, empleo y migraciones |
| 300 | |a 102 p | ||
| 942 | |c BK | ||
| 945 | |d 19980519 00:00:00 |a crobeson | ||
| 260 | |a Santiago |b CIEPLAN |c 1979 | ||
| 650 | 0 | |a Economía laboral |9 358958 | |
| 650 | 7 | |a MIGRACION LABORAL |2 CL-VaPUC |9 345095 | |
| 650 | 0 | |a Empleo |9 339124 | |
| 650 | 0 | |a Industrialización |9 263687 | |
| 650 | 0 | |a Bienestar social |9 255298 | |
| 650 | 0 | |a REFORMA AGRARIA |9 256789 | |
| 583 | |a last modification |c 19980519 00:00:00 |k Rodrigo Vera | ||
| 490 | 0 | |a Notas Técnicas, 17 | |
| 999 | |c 269374 |d 269372 | ||